Tragedias completas /
Guardado en:
| Autor Principal: | |
|---|---|
| Formato: | Libro |
| Publicado: |
Madrid :
Planeta,
2000
|
| Series: | Biblioteca La Nación
|
| Materias: | |
| Etiquetas: |
Agregar Etiqueta
Sin Etiquetas, Sea el primero en etiquetar este registro!
|
| LEADER | 00776nam a22002295a 4500 | ||
|---|---|---|---|
| 001 | CEM.cems013828 | ||
| 005 | 20130403163332.0 | ||
| 008 | 130507s2000##################000#0#####d | ||
| 003 | CEMS | ||
| 020 | |a 8408036106 | ||
| 082 | 0 | 4 | |a 882 |
| 100 | 1 | |a Esquilo | |
| 245 | 1 | 0 | |a Tragedias completas / |c Esquilo |
| 260 | |a Madrid : |b Planeta, |c 2000 | ||
| 300 | |a 320 p. | ||
| 490 | 0 | |a Biblioteca La Nación | |
| 500 | |a Introducción y notas de Carles Miralles.versión rítmica de Manuel Fernández-galiano | ||
| 505 | 0 | |a Los Persas -- Los siete contra Tebas -- Las suplicantes -- Agamenón -- Las coéforas -- Las euménides -- Prometeo encadenado | |
| 653 | |a Literatura griega | ||
| 653 | |a Teatro | ||
| 653 | |a Tragedia | ||
| 859 | |a CEMS |b BIB. CEMS - 11 de abril |h 882 |i Es68-3 |p 26597.13 |t Ej.1 | ||
